| Tag |
First Indicator |
Second Indicator |
Subfields |
| LEADER |
00000cam a2200000 i 4500 |
| 001 |
in00000093435 |
| 005 |
20150927070144.0 |
| 008 |
750210s1973 fr b i10010 fre |
| 010 |
|
|
|a 75500330
|
| 015 |
|
|
|a F***
|
| 035 |
|
|
|a (OCoLC)03052898
|
| 035 |
|
|
|9 AAL5281AM
|
| 040 |
|
|
|a DLC
|c DLC
|d TXA
|d UtOrBLW
|
| 041 |
0 |
|
|a fre
|a eng
|
| 049 |
|
|
|a TXAM
|c [1232441]
|
| 050 |
0 |
0 |
|a SB360
|b .I57 1973
|
| 082 |
0 |
|
|a 634/.04/6
|
| 090 |
|
|
|a TP490
|b .I52 Suppl. 1973-3
|
| 110 |
2 |
|
|a International Institute of Refrigeration.
|
| 245 |
1 |
0 |
|a Refrigeration et maturation des fruits, relation avec la qualite :
|b reglage de la maturation au point de vue physiologique et pratique : nouvelles methodes d'entreposage en atmosphere controlee : influence des traitements avant entreposage et du conditionnement sur la qualite = Cooling and ripening of fruits in relation to quality : control of ripening from the physiological and practical point of view : new methods of controlled atmosphere storage : influence of prestorage treatment and packaging on quality /
|c edite par Institut international du froid.
|
| 246 |
3 |
1 |
|a Cooling and ripening of fruits in relation to quality
|
| 264 |
|
1 |
|a Paris :
|b L'Institut,
|c [1973]
|
| 300 |
|
|
|a 255 pages :
|b illustrations ;
|c 25 cm.
|
| 336 |
|
|
|a text
|b txt
|2 rdacontent
|
| 337 |
|
|
|a unmediated
|b n
|2 rdamedia
|
| 338 |
|
|
|a volume
|b nc
|2 rdacarrier
|
| 490 |
1 |
|
|a Supplement au Bulletin I.I.F./I.I.R. : Annexe ; 1973-3
|
| 490 |
0 |
|
|a Science et technique du froid
|
| 500 |
|
|
|a Papers in French or English presented at the meeting of Commission C2 of the International Institute of Refrigeration, Jerusalem, Sept. 10-13, 1973.
|
| 504 |
|
|
|a Includes bibliographies.
|
| 650 |
|
0 |
|a Fruit
|x Storage
|x Congresses.
|
| 650 |
|
0 |
|a Fruit
|x Ripening
|x Congresses.
|
| 650 |
|
0 |
|a Fruit
|x Quality
|x Congresses.
|
| 650 |
|
0 |
|a Cold storage
|v Congresses.
|
| 740 |
0 |
|
|a Cooling and ripening of fruits in relation to quality.
|
| 830 |
|
0 |
|a Annexe au Bulletin de l'Institut international du froid. ;
|v 1973, 3.
|
| 999 |
|
|
|a MARS
|
| 999 |
f |
f |
|s 0c3ac13b-46dd-3f86-9208-16f1119a28d5
|i 0a447019-7218-3659-8647-113eaa3a1c9c
|t 0
|
| 952 |
f |
f |
|p ric
|a Texas A&M University
|b Rellis Campus
|c Joint Library Facility
|d Remote Storage
|t 0
|e TP490 .I52 Suppl. 1973-3
|h Library of Congress classification
|i unmediated -- volume
|m A14805609864
|
| 998 |
f |
f |
|a TP490 .I52 Suppl. 1973-3
|t 0
|l Remote Storage
|